Statistics for 1990 FIFA World Cup Results

Click here to take the quiz!

General Stats

  • This quiz has been taken 112 times
    (75 since last reset)
  • The average score is 21 of 24

Answer Stats

Nation % Correct
Spain
100%
Argentina
100%
Italy
100%
England
98%
West Germany
98%
Brazil
96%
Uruguay
93%
United States
91%
Yugoslavia
91%
Colombia
91%
Belgium
89%
Netherlands
89%
South Korea
87%
Ireland
87%
Cameroon
87%
Sweden
84%
Czechoslovakia
82%
Costa Rica
80%
Romania
78%
Scotland
78%
Soviet Union
78%
Austria
73%
Egypt
67%
United Arab Emirates
62%

Score Distribution

Percentile by Number Answered

Percent of People with Each Score

Your Score History

You have not taken this quiz since the last reset